000 00954cam a22003017a 4500
003 CHAP
005 20220329140839.0
008 971013s r 00010 d
010 _a58549
011 _a59521
035 _a63679
040 _cCHAP
090 _aR-1663
100 0 0 _aRzedowski Rotter, Jerzy.
_9101052
245 1 3 _aAn ecological and phytogeographical analysis of the grasslands of Mexico
500 _aSobretiro de : Taxon 24 (1) : 67-80, 1975
590 _aBATCH-UPD
_b10
_c20130110
_lUCH01
_h2001
590 _aBATCH-UPD
_b10
_c20130410
_lUCH01
_h1321
590 _aBATCH-UPD
_b10
_c20130914
_lUCH01
_h1251
590 _aCONVERSION
_b10
_c20130109
_lUCH01
_h1331
650 1 4 _aEcología vegetal.
_935188
650 1 4 _aFitogeografía.
_941157
650 1 4 _aPastos
_xMéxico.
_986062
901 _aBK
942 _cFOLL
949 _aR-1663
_bBC
_cR
_d-137130
_eTS1
_i63679
_si
949 _aR-1663
_bBC
_cR
_d33724000640140
_eTS2
_fc.2
_i63679
_si
999 _c58549
_d58549